Humanitárna intervencia a zmluvné právo

Skúmanie problematiky humanitárnej intervencie s poukázaním na odlišné prvky vedúce k intervencii, ktoré ju v konečnom dôsledku skresľujú a deformujú. Pojem humanitárnej intervencie a jej vzťah k suverenite štátu.

Salvato in:
Dettagli Bibliografici
Autore principale: Mráz, Stanislav
Natura: Capitolo di libro
Lingua:slovacco
Soggetti:
Tags: Aggiungi Tag
Nessun Tag, puoi essere il primo ad aggiungerne!!

MARC

LEADER 00000naa$a2200000$$$4500
001 0225809
005 20240502073714.0
041 0 |a slo 
044 |a SK 
245 1 0 |a Humanitárna intervencia a zmluvné právo  |c Stanislav Mráz 
520 |a Skúmanie problematiky humanitárnej intervencie s poukázaním na odlišné prvky vedúce k intervencii, ktoré ju v konečnom dôsledku skresľujú a deformujú. Pojem humanitárnej intervencie a jej vzťah k suverenite štátu. 
610 2 0 |a suverenita štátna 
610 2 0 |a intervencie 
610 2 0 |a konflikty medzinárodné 
610 2 0 |a bezpečnosť medzinárodná 
610 2 0 |a politika bezpečnostná 
610 2 0 |a práva ľudské 
100 1 |a Mráz, Stanislav